Fußball: Vereine der 3. Liga 2024/25 - Statistiken

Allgemein
  • Dieses Quiz wurde 427 mal gespielt
  • Das Durchschnittsergebnis liegt bei 16 aus 20
Antwortstatistiken
3. LIGA 2024/25 % Korrekt
Dynamo Dresden
94%
Hansa Rostock
87%
Alemannia Aachen
86%
Borussia Dortmund II
86%
Energie Cottbus
86%
Arminia Bielefeld
85%
VfB Stuttgart II
83%
Hannover 96 II
82%
1. FC Saarbrücken
81%
TSV 1860 München
81%
Rot-Weiss Essen
80%
VfL Osnabrück
79%
Waldhof Mannheim
74%
Erzgebirge Aue
73%
SpVgg Unterhaching
73%
FC Ingolstadt
71%
SC Verl
71%
Wehen Wiesbaden
70%
Viktoria Köln
69%
SV Sandhausen
67%
Keine übereinstimmenden Quizze gefunden
Verteilung der Resultate
Anzahl Personen mit jedem Resultat
Perzentil nach korrekt beantworteten Fragen
Ihre Resultats-Entwicklung
Sie haben dieses Quiz noch nicht gespielt